000 00557cam a22002171 4500
001 755687
005 20180206034642.0
008 740506s1967 mau b 000 0 eng
010 _a 67027095
040 _aDLC
_cDLC
_dDLC
041 _aeng
043 _an-us---
080 _a973 WIL
082 0 0 _a973 WIL
_221
100 1 _a24
101 _aFIL
245 1 4 _aThe genteel tradition;
_cEdited by Douglas L. Wilson.
504 _aBibliographical footnotes.
906 _a7
_bcbc
_corignew
_du
_eocip
_f19
_gy-gencatlg
942 _2ddc
_cBK
999 _c41858
_d41858